| 000 | 00356nam a2200145Ia 4500 | ||
|---|---|---|---|
| 008 | 210210b1969 xxu||||| |||| 00| 0 eng d | ||
| 082 | _a379.73 ROSG | ||
| 100 | _aROSENTHAL (Alan). | ||
| 245 | _aGoverning education. | ||
| 260 |
_aNY _bAnchor Books _c1969 |
||
| 300 | _a500 | ||
| 650 | _aAmerican education | ||
| 690 | _aHigher Education | ||
| 906 | _a041141 | ||
| 999 |
_c91247 _d91247 |
||